épreuves JO de Paris 2024 - Statistiques

Statistiques générales
  • Ce quiz a été pris 389 fois
    365 depuis la dernière actualisation
  • Le résultat moyen est 25 sur 45
Statistiques - réponses
Par images Réponse % Correct
badminton
96%
boxe
96%
basketball
95%
Athlétisme
91%
aviron
87%
football
87%
escrime
81%
natation
81%
golf
80%
judo
79%
tennis
79%
tennis de table
75%
tir
75%
volleyball
73%
escalade
72%
tir à l’arc
70%
voile
68%
haltérophilie
65%
triathlon
65%
waterpolo
65%
beach volley
64%
plongeon
63%
cyclisme sur piste
60%
hockey
59%
cyclisme sur route
58%
handball
58%
rugby à 7
58%
lutte
55%
basketball 3x3
52%
VTT
49%
skateboard
44%
surf
39%
gymnastique rythmique
36%
gymnastique artistique
33%
Break dance
31%
natation artistique
31%
BMX freestyle
30%
taekwondo
28%
pentathlon moderne
27%
trampoline
27%
canoë-kayak slalom
15%
BMX race
10%
sports équestres
10%
Canoë course en ligne
4%
natation marathon
4%
Aucun quiz correspondant
Distribution des résultats
% des personnes avec chaque résultat
Percentile par nombre de réponses
Votre historique - résultats
Vous n’avez pas pris ce quiz depuis la dernière actualisation